000 00664nam a2200205Ia 4500
005 20260121110025.0
008 008 260114s9999 xx 000 0 hin d
020 _a9788132357797
037 _aEBOOK
040 _aCRL
_bhin
_cCRL
041 _ahin
_2hin
084 _qCRL
100 _aकपिल सागर / Kapil Sagar
_9941115
245 0 _aफसल रोग: जानकारी एवं बचाव / Fasal Rog: Jankari aur Bachav
260 _bभाषा प्रकाशन / Bhasha Prakashan
_c2021
856 _uhttps://bhashaprakashan.com/product-details/378920
942 _cEBOOK
999 _c1532780
_d1532780